000 00447nam a2200169 a 4500
001 0000-8737
003 ELIB.Books
008 110520 1978
035 _a(ELIB.Books)0000-8883
082 _a250
_bLak
100 _aLak, Yeow Choo
245 _aTheology and Ministry in South East Asia
260 _bSingapore: Trinity Theological College
_c1978
650 _aPreaching
942 _2ddc
_cBK
998 _cbat
_e2011-05-20
999 _c8737
_d8737